| 000 | 00848nam a22002177a 4500 | ||
|---|---|---|---|
| 999 |
_c4151 _d4151 |
||
| 003 | AR-CdUCM | ||
| 008 | 190308b ||||| |||| 00| 0 spa d | ||
| 040 |
_aMUNICIPALIDAD PROVINCIAL DEL CUSCO _cBIBLIOTECA MUNICIPAL DEL CUSCO |
||
| 082 |
_a869.143 / _bP49 |
||
| 100 |
_aPeza, Juan de Dios _91890 |
||
| 245 |
_aEpopeyas de mi tierra : _bBenito Juárez / |
||
| 260 |
_aMéxico : _bEditora nacional, _c1908. |
||
| 300 |
_a274 paginas ; _c18 cm. |
||
| 440 |
_aColección económica _n561 _913160 |
||
| 505 | _aContenido :Donde conocí a Juárez -- La enclaustración de las monjas -- Los prisioneros mexicanos en Francia -- El león de las montañas -- Después de la victoria de 1867 ... | ||
| 650 |
_aLiteratura mexicana _92532 |
||
| 650 |
_aAutores españoles _911961 |
||
| 650 |
_aEnsayos mexicanos _913161 |
||
| 942 |
_2ddc _cLIBROS |
||
| 945 | _arum | ||